Narraciones que parecen cuento / (Record no. 134559)

MARC details
000 -LEADER
campo de control de longitud fija 00610nam a2200181 i 4500
001 - NÚMERO DE CONTROL
campo de control 134559
003 - IDENTIFICADOR DE NÚMERO DE CONTROL
campo de control ES-MaACL
005 - FECHA Y HORA DE LA ÚLTIMA TRANSACCIÓN
campo de control 20251010161538.0
007 - CAMPO FIJO DE DESCRIPCIÓN FÍSICA--INFORMACIÓN GENERAL
campo de control de longitud fija t|
008 - DATOS DE LONGITUD FIJA--INFORMACIÓN GENERAL
campo de control de longitud fija 070911s1954 sp ||||1| spa d
100 1# - ENTRADA PRINCIPAL--NOMBRE DE PERSONA
Nombre de persona Yanes Carrillo, Armando.
9 (RLIN) 117552
245 10 - MENCIÓN DEL TÍTULO
Título Narraciones que parecen cuento /
Mención de responsabilidad, etc. Armando Yanes Carrillo ; prólogo de José Pérez Vidal.
260 ## - PUBLICACIÓN, DISTRIBUCIÓN, ETC.
Lugar de publicación, distribución, etc. Santa Cruz de la Palma :
Nombre del editor, distribuidor, etc. [s.n.],
Fecha de publicación, distribución, etc. 1954 (
Lugar de fabricación/manufactura Santa Cruz de Tenerife :
Fabricante Goya)
300 ## - DESCRIPCIÓN FÍSICA
Extensión 252 p. ;
Dimensiones 20 cm.
700 1# - ENTRADA AGREGADA--NOMBRE PERSONAL
Nombre de persona Pérez Vidal, José,
Fechas asociadas al nombre 1907-1990
9 (RLIN) 160934
852 ## - LOCALIZACIÓN
Ubicación ES-MaACL
Número de control de estantería C-8401
Sublocalización o colección R.35914
Holdings
Estatus retirado Estado de pérdida Estado de daño No para préstamo Biblioteca de origen Biblioteca actual Ubicación en estantería Fecha de adquisición Fuente de adquisición Total de préstamos Signatura topográfica completa Código de barras Visto por última vez Precio de reemplazo Tipo de ítem Koha
        Biblioteca del Ateneo de Madrid Biblioteca del Ateneo de Madrid Sala Palomar 17/01/2008     C-8401 1140059 23/02/2023 23/02/2023 Libro impreso